| 000 | 00944nam a2200229 i 4500 | ||
|---|---|---|---|
| 001 | 184029 | ||
| 003 | ES-MaACL | ||
| 005 | 20231115130039.0 | ||
| 008 | 150223r20051934sp | |||| ||spa d | ||
| 080 | _a94(460.184 Benavente)(089.3) | ||
| 245 | 0 | 0 | _aBellezas y riquezas de Benavente. |
| 246 | 0 |
_iSubtít. de la cub. _aFiesta del libro, fiestas de septiembre, año de 1934 |
|
| 260 |
_aBenavente : _bCentro de Estudios Benaventanos "Ledo del Pozo", _c2005. |
||
| 300 |
_a77 p. ; _c22 cm. |
||
| 534 |
_pReprod. de la ed. de: _cBenavente : Tipografía de A. Guerra, [1934] |
||
| 651 | 4 |
_aBenavente- _xHistoria. _9156156 |
|
| 710 | 2 |
_aCentro de Estudios Benaventanos "Ledo del Pozo" _9144530 |
|
| 852 |
_aES-MaACL _jA-13404 _9190995 _bR.150351 _cDEPO1 _dOlim: N-6404 _hDonación: Centro de estudios benaventanos |
||
| 914 |
_9144530 _aCentro de Estudios Benaventanos "Ledo del Pozo" _ednr |
||
| 942 |
_2udc _cMONOGRAFIA |
||
| 999 |
_c184029 _d184029 |
||